Statistics for Civilization VI All Leaders & Civilizations

Click here to take the quiz!

General Stats

  • This quiz has been taken 1,335 times
    (576 since last reset)
  • The average score is 87 of 136

Answer Stats

HintAnswer% Correct
Base Game | Gathering StormEngland
93%
Base GameChina
92%
Base Game | Gathering StormFrance
92%
Base GameRome
91%
Frontier Pass | Leader PassChina
90%
Base Game | Leader PassAmerica
89%
Base GameGermany
89%
Base Game | Leader PassJapan
89%
Base GameRussia
89%
Base Game | Leader PassEgypt
88%
Leader PassEngland
88%
Base Game | Rise & FallIndia
88%
Leader PassGermany
87%
Base GameGreece
87%
Base GameSpain
87%
DLC PackAustralia
84%
Base GameAztec
84%
Base GameBrazil
83%
Frontier Pass | Rise & FallMongolia
83%
Base GameTeddy Roosevelt
82%
Base GameNorway
81%
Frontier PassPortugal
81%
Gathering StormSweden
81%
DLC PackPoland
80%
Gathering StormCanada
79%
Base GameGandhi
79%
Base GameVictoria
79%
Base GameCleopatra
78%
DLC Pack | Leader PassPersia
78%
Base GameArabia
77%
Base GamePeter
76%
Gathering StormInca
74%
Base Game | Leader PassKongo
74%
Leader Pass | Rise & FallKorea
74%
Gathering StormOttoman
74%
Leader PassAbraham Lincoln
73%
Rise & FallGenghis Khan
73%
DLC PackMacedon
73%
Base GameCatherine de Medici
72%
Rise & FallNetherlands
72%
Frontier PassVietnam
72%
Frontier PassBabylon
71%
DLC PackIndonesia
71%
Frontier PassMaya
71%
Gathering Storm | Leader PassMali
69%
Base GameTrajan
69%
Frontier PassKublai Khan
68%
DLC PackAlexander
67%
Base GameFrederick Barbarossa
67%
Base GameMontezuma
67%
Frontier PassEthiopia
66%
Frontier PassGran Colombia
66%
Gathering StormHungary
66%
Base GamePedro II
66%
Rise & FallScotland
66%
Rise & FallZulu
66%
Base GameHarald Hardrada
65%
Gathering StormMaori
65%
Base GamePericles
65%
Leader PassElizabeth I
63%
Base GameSumeria
63%
Base GameScythia
61%
Base GameGilgamesh
60%
Base GameQin Shi Huang
60%
DLC PackKhmer
59%
Base GameSaladin
59%
Frontier Pass | Leader PassByzantines
58%
Base GameGorgo
57%
Gathering StormMansa Musa
57%
Frontier PassSimon Bolivar
57%
Rise & FallCree
56%
DLC PackCyrus
56%
Gathering StormShaka
56%
DLC PackJohn Curtin
55%
DLC PackNubia
55%
Frontier PassGaul
54%
Base GamePhillip II
54%
Rise & FallGeorgia
53%
Leader PassRamses
52%
Gathering StormSuleiman
52%
Gathering StormPhoenicia
50%
Rise & FallChandragupta
49%
Gathering StormDido
49%
Rise & FallMapuche
49%
Rise & FallWilhelmina
49%
DLC PackJadwiga
48%
Rise & FallRobert the Bruce
48%
Base GameHojo Tokimune
47%
Frontier Pass | Gathering StormEleanor of Aquitaine
46%
Gathering StormKristina
46%
Frontier PassHammurabi
45%
Base GameTomyris
45%
Gathering StormKupe
44%
Frontier PassLady Six Sky
43%
Leader PassTokugawa
43%
Gathering StormWilfrid Laurier
43%
Frontier PassJoão III
41%
Base GameMvemba A Nzinga
41%
Gathering StormMatthias Corvinus
40%
Rise & FallPoundmaker
40%
Frontier PassBasil II
39%
Leader PassLudwig II
39%
Gathering StormPachacuti
39%
Rise & FallLautaro
38%
Frontier PassMenelik II
37%
Leader PassWu Zetian
37%
DLC PackGitarja
35%
Rise & FallTamar
35%
Leader PassYongle
35%
Frontier PassAmbiorix
34%
DLC PackJayavarman VII
34%
Rise & FallSeondeok
34%
Leader PassTheodora
34%
DLC PackAmanitore
32%
Frontier PassBà Triệu
29%
Leader PassNader Shah
29%
Leader PassSejong
29%
Leader PassSundiata Keita
24%
Leader PassNzinga Mbande
22%

Score Distribution

Percentile by Number Answered

Percent of People with Each Score

Your Score History

You have not taken this quiz since the last reset